[Event "Porto Alegre op"]
[Site "Porto Alegre"]
[Date "2023.08.27"]
[Round "4"]
[White "Hinterholtz, Eduardo Tavares"]
[Black "Cenci, Luciano Krause"]
[Result "0-1"]
[WhiteElo "1800"]
[BlackElo "1566"]
[PlyCount "86"]
[EventDate "2023.08.25"]
[EventType "swiss"]
[EventRounds "5"]
[EventCountry "BRA"]
[SourceTitle "EXT 2024"]
[Source "ChessBase"]
[SourceDate "2023.10.10"]
[SourceVersion "1"]
[SourceVersionDate "2023.10.10"]
[SourceQuality "1"]

1. e4 c6 2. d4 d5 3. exd5 cxd5 4. Nc3 Nc6 5. Nf3 Bg4 6. Be2 Nf6 7. 0-0 e6 8. Re1 Bb4 9. a3 Ba5 10. Bb5 0-0 11. Be2 Ne4 12. Bd2 Nxc3 13. Bxc3 Bxc3 14. bxc3 Na5 15. Nd2 Bxe2 16. Qxe2 Rc8 17. Qf3 Qc7 18. Re3 Nc4 19. Nxc4 Qxc4 20. Qh5 Qa4 21. Rh3 Qxc2 22. Qf3 Rc6 23. Qd3 Qxd3 24. Rxd3 Rfc8 25. Rc1 Rb6 26. Kf1 Rb3 27. a4 Ra3 28. Rb1 b6 29. Rc1 Rxa4 30. Ke2 Ra2+ 31. Rd2 Rxd2+ 32. Kxd2 Kf8 33. Kc2 Ke7 34. Kb3 Kd6 35. Ra1 Rc7 36. Kb4 Kc6 37. Ra3 a5+ 38. Ka4 Kb7 39. Kb5 e5 40. dxe5 Rc5+ 41. Ka4 Ka6 42. Rb3 b5+ 43. Ka3 a4 0-1